00455nam a2200145 45000010006000000050017000060080041000230200015000640350003000790410007000822450107000892600039001963000016002357000058002511601420230411085950.0060907n2001 dr spa  a9586822354  aES0 aCrimen y violencia en América Latina /cEditado por Pablo Fajnzylber, Daniel Lederman, Norman Loayza aMéxico :bAlfaomega,c2001  avii, 252 p. aFajnzylber, Pablo \ Lederman, Daniel \ Loayza, Norman